| 000 | 00539cam a2200193ua 4500 | ||
|---|---|---|---|
| 001 | 6469 | ||
| 008 | 131212n ii |||gr||||Z||||||eng | ||
| 020 | _a0-07-061930-1 | ||
| 040 | _cMAIN | ||
| 082 | _a658 | ||
| 245 | 1 | 1 |
_aProject management professional study guide _cBy Joseph phillips |
| 250 | _a2nd ed. | ||
| 260 |
_aNew delhi: _bTata McGraw-hill company limited, _c2006. |
||
| 300 | _axxiii,569p. | ||
| 653 | _aCommerce | ||
| 653 | _aProject management professional study guide | ||
| 700 | 1 |
_aPhillips,Joseph, _eAuthor. |
|
| 942 | _cBK | ||
| 999 |
_c5618 _d5618 |
||